[Event "PMPJ 2022 - C17"]
[Site "Jastrzebia Gora"]
[Date "2022.11.06"]
[Round "1.14"]
[White "Bednarczyk, Mateusz"]
[Black "Balcerzak, Robert"]
[Result "1/2-1/2"]
[BlackElo "1434"]
[WhiteElo "1756"]
[LiveChessVersion "1.4.8"]

1. e4 {[%clk 1:30:57]} Nf6 {[%clk 1:30:41]} 2. Nc3 {[%clk 1:31:21]} d5
{[%clk 1:31:01]} 3. exd5 {[%clk 1:31:41]} Nxd5 {[%clk 1:31:19]} 4. Bc4
{[%clk 1:31:59]} c6 {[%clk 1:31:31]} 5. Nf3 {[%clk 1:30:08]} g6 {[%clk 1:14:54]}
6. d4 {[%clk 1:19:44]} Bg7 {[%clk 1:12:02]} 7. h3 {[%clk 1:19:54]} O-O
{[%clk 1:07:12]} 8. O-O {[%clk 1:18:25]} e6 {[%clk 0:48:41]} 9. Ne2
{[%clk 1:17:16]} Nd7 {[%clk 0:43:45]} 10. Bb3 {[%clk 1:15:00]} b5
{[%clk 0:35:25]} 11. a4 {[%clk 1:09:06]} a5 {[%clk 0:18:10]} 12. Bd2
{[%clk 1:05:30]} N7f6 {[%clk 0:09:44]} 13. Ne5 {[%clk 1:04:46]} Qb6
{[%clk 0:05:33]} 14. axb5 {[%clk 0:55:29]} cxb5 {[%clk 0:05:56]} 15. c4
{[%clk 0:55:47]} bxc4 {[%clk 0:03:18]} 16. Nxc4 {[%clk 0:55:53]} Qb5
{[%clk 0:01:23]} 17. Nc3 {[%clk 0:49:06]} Nxc3 {[%clk 0:01:24]} 18. Bxc3
{[%clk 0:49:01]} a4 {[%clk 0:00:57]} 19. Nd6 {[%clk 0:48:48]} Qb8
{[%clk 0:00:34]} 20. Nxc8 {[%clk 0:48:54]} axb3 {[%clk 0:00:34]} 21. Rxa8
{[%clk 0:49:18]} Qxa8 {[%clk 0:01:03]} 22. Ne7+ {[%clk 0:32:53]} Kh8
{[%clk 0:01:31]} 23. Bb4 {[%clk 0:33:09]} Qb7 {[%clk 0:00:38]} 24. Nxg6+
{[%clk 0:16:33]} hxg6 {[%clk 0:01:07]} 25. Bxf8 {[%clk 0:16:56]} Bxf8
{[%clk 0:01:36]} 26. Re1 {[%clk 0:17:10]} Bg7 {[%clk 0:00:42]} 27. Re3
{[%clk 0:17:07]} Qd5 {[%clk 0:00:34]} 28. Rxb3 {[%clk 0:16:30]} Nh5
{[%clk 0:00:36]} 29. Qf3 {[%clk 0:05:43]} Qxf3 {[%clk 0:00:35]} 30. Rxf3
{[%clk 0:06:01]} Bxd4 {[%clk 0:00:37]} 31. b4 {[%clk 0:04:33]} Kg7
{[%clk 0:00:38]} 32. b5 {[%clk 0:03:29]} Nf6 {[%clk 0:00:56]} 33. Rd3
{[%clk 0:03:48]} e5 {[%clk 0:00:38]} 34. Kf1 {[%clk 0:04:01]} Nd5
{[%clk 0:00:33]} 35. g3 {[%clk 0:03:40]} 1/2-1/2

[Event "PMPJ 2022 - C17"]
[Site "Jastrzebia Gora"]
[Date "2022.11.06"]
[Round "1.15"]
[White "Mazus, Jakub"]
[Black "Mikula, Maciej"]
[Result "0-1"]
[BlackElo "1748"]
[WhiteElo "1430"]
[LiveChessVersion "1.4.8"]

1. e4 {[%clk 1:30:56]} d6 {[%clk 1:30:37]} 2. d4 {[%clk 1:30:35]} g6
{[%clk 1:30:31]} 3. Bc4 {[%clk 1:25:12]} Bg7 {[%clk 1:28:37]} 4. Nf3
{[%clk 1:11:30]} a6 {[%clk 1:22:13]} 5. O-O {[%clk 1:08:00]} b5 {[%clk 1:20:09]}
6. Bd5 {[%clk 1:06:42]} c6 {[%clk 1:19:16]} 7. Bb3 {[%clk 1:03:30]} Nf6
{[%clk 1:15:42]} 8. Qe2 {[%clk 0:54:01]} O-O {[%clk 1:06:45]} 9. Rd1
{[%clk 0:51:37]} Qc7 {[%clk 1:00:33]} 10. h3 {[%clk 0:41:05]} Nbd7
{[%clk 0:57:03]} 11. e5 {[%clk 0:34:31]} Nd5 {[%clk 0:43:29]} 12. Bxd5
{[%clk 0:27:11]} cxd5 {[%clk 0:43:41]} 13. Bf4 {[%clk 0:15:21]} dxe5
{[%clk 0:42:19]} 14. dxe5 {[%clk 0:15:18]} Bb7 {[%clk 0:38:58]} 15. Nbd2
{[%clk 0:11:42]} e6 {[%clk 0:37:11]} 16. Rac1 {[%clk 0:10:59]} Rfc8
{[%clk 0:33:34]} 17. Nf1 {[%clk 0:10:46]} Qc4 {[%clk 0:27:59]} 18. Qxc4
{[%clk 0:06:44]} Rxc4 {[%clk 0:28:10]} 19. Bg3 {[%clk 0:06:52]} Rac8
{[%clk 0:24:43]} 20. Ne3 {[%clk 0:06:07]} Re4 {[%clk 0:22:19]} 21. b3
{[%clk 0:02:04]} Bh6 {[%clk 0:19:15]} 22. Nd2 {[%clk 0:00:34]} Bxe3
{[%clk 0:19:09]} 23. Nxe4 {[%clk 0:00:54]} Bxc1 {[%clk 0:19:19]} 24. Nd6
{[%clk 0:01:04]} Rxc2 {[%clk 0:18:32]} 25. Nxb7 {[%clk 0:01:22]} Ba3
{[%clk 0:17:42]} 26. Ra1 {[%clk 0:00:43]} Bb2 {[%clk 0:15:35]} 27. Rb1
{[%clk 0:00:33]} Bxe5 {[%clk 0:15:14]} 28. Bxe5 {[%clk 0:00:32]} Nxe5
{[%clk 0:15:40]} 29. a4 {[%clk 0:00:37]} d4 {[%clk 0:15:29]} 30. Nd6
{[%clk 0:00:36]} d3 {[%clk 0:13:57]} 31. axb5 {[%clk 0:00:38]} d2
{[%clk 0:13:44]} 32. Ne4 {[%clk 0:00:43]} Rc1+ {[%clk 0:14:03]} 0-1

[Event "PMPJ 2022 - C17"]
[Site "Jastrzebia Gora"]
[Date "2022.11.06"]
[Round "1.16"]
[White "Smetek, Michal"]
[Black "Kuczmik, Pawel"]
[Result "1-0"]
[BlackElo "1426"]
[WhiteElo "1731"]
[LiveChessVersion "1.4.8"]

1. d4 {[%clk 1:30:58]} e6 {[%clk 1:30:28]} 2. c4 {[%clk 1:31:09]} f5
{[%clk 1:30:50]} 3. Nc3 {[%clk 1:30:44]} Nf6 {[%clk 1:31:10]} 4. g3
{[%clk 1:29:50]} Be7 {[%clk 1:31:17]} 5. Bg2 {[%clk 1:30:13]} O-O
{[%clk 1:31:32]} 6. Nh3 {[%clk 1:28:21]} d6 {[%clk 1:29:43]} 7. Nf4
{[%clk 1:28:18]} c6 {[%clk 1:26:56]} 8. O-O {[%clk 1:19:38]} Qc7 {[%clk 1:19:47]}
9. e4 {[%clk 1:17:10]} e5 {[%clk 1:11:28]} 10. dxe5 {[%clk 1:14:54]} dxe5
{[%clk 1:09:09]} 11. Nfe2 {[%clk 1:08:07]} Na6 {[%clk 0:49:31]} 12. Qc2
{[%clk 1:05:01]} Ng4 {[%clk 0:33:19]} 13. exf5 {[%clk 0:29:08]} Bxf5
{[%clk 0:23:44]} 14. Be4 {[%clk 0:27:27]} Nb4 {[%clk 0:21:39]} 15. Qb1
{[%clk 0:27:44]} Bxe4 {[%clk 0:16:29]} 16. Nxe4 {[%clk 0:28:01]} Qb6
{[%clk 0:15:19]} 17. Kg2 {[%clk 0:24:18]} Rad8 {[%clk 0:13:38]} 18. h3
{[%clk 0:22:02]} Nf6 {[%clk 0:12:38]} 19. Be3 {[%clk 0:20:22]} Qc7
{[%clk 0:12:04]} 20. Nc5 {[%clk 0:18:17]} Rd6 {[%clk 0:09:07]} 21. a3
{[%clk 0:18:14]} Na6 {[%clk 0:08:21]} 22. Nxa6 {[%clk 0:18:01]} bxa6
{[%clk 0:08:50]} 23. Nc3 {[%clk 0:16:40]} Rb8 {[%clk 0:08:33]} 24. Qc2
{[%clk 0:16:21]} Rd7 {[%clk 0:08:14]} 25. Rfd1 {[%clk 0:15:02]} Qb7
{[%clk 0:08:13]} 26. Rxd7 {[%clk 0:13:17]} Nxd7 {[%clk 0:08:41]} 27. Qf5
{[%clk 0:06:59]} Bf6 {[%clk 0:06:16]} 28. Rd1 {[%clk 0:05:56]} Nb6
{[%clk 0:06:14]} 29. b3 {[%clk 0:04:07]} Re8 {[%clk 0:05:58]} 30. Ne4
{[%clk 0:04:13]} Qe7 {[%clk 0:05:44]} 31. Nxf6+ {[%clk 0:02:04]} gxf6
{[%clk 0:05:32]} 32. Bxb6 {[%clk 0:02:02]} axb6 {[%clk 0:05:51]} 33. Rd7
{[%clk 0:02:28]} Qe6 {[%clk 0:05:14]} 34. Qxh7+ {[%clk 0:02:52]} 1-0

[Event "PMPJ 2022 - C17"]
[Site "Jastrzebia Gora"]
[Date "2022.11.06"]
[Round "1.17"]
[White "Sewera, Wiktor"]
[Black "Sternik, Piotr"]
[Result "0-1"]
[BlackElo "1726"]
[WhiteElo "1425"]
[LiveChessVersion "1.4.8"]

1. e4 {[%clk 1:30:56]} c6 {[%clk 1:30:43]} 2. d4 {[%clk 1:31:16]} d5
{[%clk 1:31:06]} 3. exd5 {[%clk 1:31:31]} cxd5 {[%clk 1:31:30]} 4. c4
{[%clk 1:31:45]} Nf6 {[%clk 1:31:30]} 5. Nc3 {[%clk 1:31:55]} Nc6
{[%clk 1:30:21]} 6. Nf3 {[%clk 1:31:06]} g6 {[%clk 1:28:01]} 7. Bg5
{[%clk 1:29:09]} dxc4 {[%clk 1:11:29]} 8. Bxf6 {[%clk 1:27:35]} exf6
{[%clk 1:11:53]} 9. Bxc4 {[%clk 1:27:20]} Bg7 {[%clk 1:05:14]} 10. Qe2+
{[%clk 1:25:40]} Qe7 {[%clk 1:02:30]} 11. Qxe7+ {[%clk 1:25:36]} Nxe7
{[%clk 1:02:58]} 12. Bb5+ {[%clk 1:25:19]} Bd7 {[%clk 1:03:19]} 13. Bxd7+
{[%clk 1:25:06]} Kxd7 {[%clk 1:03:48]} 14. O-O {[%clk 1:24:31]} Rad8
{[%clk 1:03:16]} 15. Rfe1 {[%clk 1:16:03]} Nc6 {[%clk 1:00:50]} 16. a3
{[%clk 1:09:00]} Kc8 {[%clk 0:58:55]} 17. d5 {[%clk 1:04:11]} Ne5
{[%clk 0:59:17]} 18. Nxe5 {[%clk 1:04:11]} fxe5 {[%clk 0:59:45]} 19. Rac1
{[%clk 1:02:57]} Kb8 {[%clk 1:00:10]} 20. Kf1 {[%clk 0:59:15]} f5
{[%clk 0:56:56]} 21. Red1 {[%clk 0:57:40]} Rd7 {[%clk 0:57:01]} 22. Na4
{[%clk 0:51:17]} Rhd8 {[%clk 0:56:46]} 23. Rc5 {[%clk 0:49:34]} Bf8
{[%clk 0:56:29]} 24. Rb5 {[%clk 0:46:25]} a6 {[%clk 0:49:58]} 25. Ra5
{[%clk 0:45:07]} b5 {[%clk 0:42:06]} 26. Nc3 {[%clk 0:40:19]} Kb7
{[%clk 0:42:24]} 27. b4 {[%clk 0:35:51]} Bd6 {[%clk 0:40:55]} 28. Nxb5
{[%clk 0:32:51]} axb5 {[%clk 0:41:20]} 29. Rxb5+ {[%clk 0:31:17]} Ka8
{[%clk 0:40:14]} 30. Rc1 {[%clk 0:28:03]} Rc7 {[%clk 0:38:25]} 31. Rxc7
{[%clk 0:25:18]} Bxc7 {[%clk 0:38:51]} 32. Ke2 {[%clk 0:24:20]} Ka7
{[%clk 0:37:28]} 33. h3 {[%clk 0:16:28]} Ka6 {[%clk 0:35:53]} 34. a4
{[%clk 0:16:11]} Bb6 {[%clk 0:32:04]} 35. f3 {[%clk 0:16:04]} e4 {[%clk 0:32:28]}
36. g4 {[%clk 0:15:09]} fxg4 {[%clk 0:29:46]} 37. hxg4 {[%clk 0:15:18]} Re8
{[%clk 0:28:53]} 38. fxe4 {[%clk 0:15:12]} Rxe4+ {[%clk 0:29:21]} 39. Kf3
{[%clk 0:15:17]} Rd4 {[%clk 0:29:36]} 40. Kg3 {[%clk 0:12:55]} g5
{[%clk 0:29:50]} 41. d6 {[%clk 0:12:03]} h6 {[%clk 0:30:13]} 42. Kf3
{[%clk 0:11:03]} Rxd6 {[%clk 0:29:45]} 43. Ke4 {[%clk 0:11:24]} Rf6
{[%clk 0:27:29]} 44. Rf5 {[%clk 0:11:20]} Re6+ {[%clk 0:26:36]} 45. Kd5
{[%clk 0:10:43]} Rg6 {[%clk 0:26:06]} 46. Kc4 {[%clk 0:09:06]} Rd6
{[%clk 0:25:37]} 47. Kc3 {[%clk 0:07:35]} Re6 {[%clk 0:25:50]} 48. Kd2
{[%clk 0:05:45]} Re4 {[%clk 0:25:57]} 49. Rf6 {[%clk 0:04:40]} Rxb4
{[%clk 0:26:05]} 50. Rxh6 {[%clk 0:05:02]} Rxa4 {[%clk 0:25:35]} 51. Ke2
{[%clk 0:04:51]} Rxg4 {[%clk 0:25:56]} 52. Kf3 {[%clk 0:05:10]} Rf4+
{[%clk 0:26:20]} 53. Kg3 {[%clk 0:05:18]} Kb5 {[%clk 0:26:32]} 54. Rg6
{[%clk 0:05:33]} Bf2+ {[%clk 0:26:51]} 55. Kg2 {[%clk 0:05:45]} Bh4
{[%clk 0:27:15]} 56. Rg8 {[%clk 0:05:42]} Kc4 {[%clk 0:27:26]} 57. Re8
{[%clk 0:05:31]} Kd3 {[%clk 0:27:46]} 58. Rd8+ {[%clk 0:05:42]} Rd4
{[%clk 0:28:08]} 59. Ra8 {[%clk 0:04:58]} Ke3 {[%clk 0:28:30]} 60. Kh3
{[%clk 0:04:16]} Kf3 {[%clk 0:27:42]} 61. Ra3+ {[%clk 0:04:29]} Kf4
{[%clk 0:28:04]} 62. Rb3 {[%clk 0:04:09]} Re4 {[%clk 0:28:22]} 63. Rb7
{[%clk 0:04:17]} Re3+ {[%clk 0:28:35]} 64. Kg2 {[%clk 0:04:10]} Re2+
{[%clk 0:28:50]} 65. Kf1 {[%clk 0:04:13]} Rf2+ {[%clk 0:28:32]} 66. Kg1
{[%clk 0:04:39]} Kg3 {[%clk 0:28:30]} 67. Rb3+ {[%clk 0:04:20]} Rf3
{[%clk 0:28:55]} 68. Rb7 {[%clk 0:03:39]} g4 {[%clk 0:29:11]} 69. Rb8
{[%clk 0:02:48]} Bg5 {[%clk 0:29:34]} 70. Rb1 {[%clk 0:03:05]} Be3+
{[%clk 0:29:51]} 71. Kh1 {[%clk 0:03:30]} Rf7 {[%clk 0:29:48]} 72. Rb7
{[%clk 0:02:52]} Rf1# 0-1

[Event "PMPJ 2022 - C17"]
[Site "Jastrzebia Gora"]
[Date "2022.11.06"]
[Round "1.18"]
[White "Hury, Tymoteusz"]
[Black "Komisarski, Jerzy"]
[Result "1-0"]
[BlackElo "1397"]
[WhiteElo "1710"]
[LiveChessVersion "1.4.8"]

1. e4 {[%clk 1:30:59]} e6 {[%clk 1:30:52]} 2. Nf3 {[%clk 1:30:36]} d5
{[%clk 1:31:10]} 3. Nc3 {[%clk 1:30:13]} Nf6 {[%clk 1:31:15]} 4. e5
{[%clk 1:30:05]} Nfd7 {[%clk 1:31:38]} 5. d4 {[%clk 1:30:01]} c5 {[%clk 1:31:48]}
6. dxc5 {[%clk 1:29:40]} Nc6 {[%clk 1:32:05]} 7. Bf4 {[%clk 1:29:06]} Bxc5
{[%clk 1:32:11]} 8. Bd3 {[%clk 1:28:24]} a6 {[%clk 1:32:01]} 9. Qe2
{[%clk 1:08:13]} h6 {[%clk 1:30:35]} 10. O-O {[%clk 0:37:29]} g5 {[%clk 1:30:38]}
11. Bg3 {[%clk 0:37:11]} g4 {[%clk 1:19:47]} 12. Nd2 {[%clk 0:29:28]} Qg5
{[%clk 1:13:35]} 13. Nb3 {[%clk 0:26:33]} Ba7 {[%clk 1:10:17]} 14. Rae1
{[%clk 0:23:16]} h5 {[%clk 1:08:24]} 15. Qd2 {[%clk 0:19:00]} Qg7
{[%clk 1:06:05]} 16. Bh4 {[%clk 0:16:37]} Ndxe5 {[%clk 1:01:11]} 17. Kh1
{[%clk 0:16:01]} Bd7 {[%clk 0:50:10]} 18. Qf4 {[%clk 0:10:01]} Nxd3
{[%clk 0:46:08]} 19. cxd3 {[%clk 0:10:26]} Bb8 {[%clk 0:45:45]} 20. Qd2
{[%clk 0:09:23]} d4 {[%clk 0:29:44]} 21. Nd5 {[%clk 0:06:35]} Be5
{[%clk 0:27:06]} 22. Rxe5 {[%clk 0:05:47]} Nxe5 {[%clk 0:19:35]} 23. Bf6
{[%clk 0:04:55]} Qh6 {[%clk 0:19:02]} 24. Qb4 {[%clk 0:05:03]} 1-0

[Event "PMPJ 2022 - C17"]
[Site "Jastrzebia Gora"]
[Date "2022.11.06"]
[Round "1.19"]
[White "Holynski, Szymon"]
[Black "Biesiadecki, Adam"]
[Result "0-1"]
[BlackElo "1706"]
[WhiteElo "1355"]
[LiveChessVersion "1.4.8"]

1. Nf3 {[%clk 1:30:53]} Nf6 {[%clk 1:30:57]} 2. c4 {[%clk 1:31:14]} e6
{[%clk 1:30:35]} 3. b3 {[%clk 1:31:13]} b6 {[%clk 1:30:47]} 4. Bb2
{[%clk 1:30:08]} Bb7 {[%clk 1:31:09]} 5. g3 {[%clk 1:29:05]} d5 {[%clk 1:30:13]}
6. d4 {[%clk 1:24:41]} Ne4 {[%clk 1:22:12]} 7. a3 {[%clk 1:19:24]} Nd7
{[%clk 1:20:35]} 8. Nbd2 {[%clk 1:16:22]} Ndf6 {[%clk 1:20:42]} 9. Bg2
{[%clk 1:11:05]} c5 {[%clk 1:11:06]} 10. e3 {[%clk 1:02:16]} Be7 {[%clk 0:58:32]}
11. O-O {[%clk 0:58:44]} O-O {[%clk 0:58:46]} 12. Rc1 {[%clk 0:55:19]} Rc8
{[%clk 0:54:51]} 13. Qc2 {[%clk 0:46:31]} dxc4 {[%clk 0:49:43]} 14. bxc4
{[%clk 0:44:06]} Qc7 {[%clk 0:46:05]} 15. Rfd1 {[%clk 0:38:36]} Nxd2
{[%clk 0:43:56]} 16. Nxd2 {[%clk 0:38:22]} Bxg2 {[%clk 0:44:17]} 17. Kxg2
{[%clk 0:38:42]} Rfd8 {[%clk 0:44:29]} 18. f3 {[%clk 0:36:44]} cxd4
{[%clk 0:41:42]} 19. exd4 {[%clk 0:36:34]} Rd6 {[%clk 0:37:05]} 20. Qb3
{[%clk 0:27:23]} Rdd8 {[%clk 0:30:39]} 21. Ne4 {[%clk 0:25:10]} Qb7
{[%clk 0:30:04]} 22. Qe3 {[%clk 0:22:06]} Nxe4 {[%clk 0:27:53]} 23. Qxe4
{[%clk 0:20:51]} Qc7 {[%clk 0:20:31]} 24. d5 {[%clk 0:15:27]} exd5
{[%clk 0:20:25]} 25. Rxd5 {[%clk 0:15:35]} Bf8 {[%clk 0:19:33]} 26. Rc2
{[%clk 0:07:08]} Rxd5 {[%clk 0:17:54]} 27. Qxd5 {[%clk 0:07:25]} Rd8
{[%clk 0:17:49]} 28. Qe4 {[%clk 0:06:57]} Rd1 {[%clk 0:16:17]} 29. h4
{[%clk 0:03:53]} Qc5 {[%clk 0:16:00]} 30. Rf2 {[%clk 0:03:32]} Qc8
{[%clk 0:15:03]} 31. h5 {[%clk 0:02:33]} h6 {[%clk 0:15:17]} 32. Qc2
{[%clk 0:01:42]} Qd7 {[%clk 0:15:31]} 33. Qc3 {[%clk 0:01:04]} Qf5
{[%clk 0:15:19]} 34. g4 {[%clk 0:01:20]} Qb1 {[%clk 0:15:20]} 35. Qe5
{[%clk 0:00:40]} Re1 {[%clk 0:15:00]} 36. Re2 {[%clk 0:00:48]} Rh1
{[%clk 0:15:02]} 37. Kg3 {[%clk 0:00:54]} Qd1 {[%clk 0:14:52]} 38. Bd4
{[%clk 0:01:02]} Bd6 {[%clk 0:14:13]} 39. Qxd6 {[%clk 0:01:07]} Qxe2
{[%clk 0:14:33]} 40. Qb8+ {[%clk 0:01:00]} Kh7 {[%clk 0:14:57]} 41. Qf4
{[%clk 0:01:07]} Qh2# 0-1

[Event "PMPJ 2022 - C17"]
[Site "Jastrzebia Gora"]
[Date "2022.11.06"]
[Round "1.20"]
[White "Pieczulis, Blazej"]
[Black "Maciejewski, Adam"]
[Result "1-0"]
[BlackElo "1290"]
[WhiteElo "1693"]
[LiveChessVersion "1.4.8"]

1. Nf3 {[%clk 1:30:12]} f5 {[%clk 1:30:46]} 2. e4 {[%clk 1:30:03]} fxe4
{[%clk 1:30:09]} 3. Ng5 {[%clk 1:30:29]} d5 {[%clk 1:29:20]} 4. d3
{[%clk 1:28:12]} Nf6 {[%clk 1:26:36]} 5. dxe4 {[%clk 1:28:19]} h6
{[%clk 1:25:51]} 6. Nf3 {[%clk 1:25:00]} Nxe4 {[%clk 1:20:54]} 7. Ne5
{[%clk 1:22:57]} Nf6 {[%clk 1:17:23]} 8. Bd3 {[%clk 1:22:06]} e6 {[%clk 1:15:29]}
9. Bg6+ {[%clk 1:21:49]} Ke7 {[%clk 1:15:47]} 10. Nf7 {[%clk 1:19:41]} Qd7
{[%clk 1:14:24]} 11. Nxh8 {[%clk 1:20:00]} Qc6 {[%clk 1:10:37]} 12. Bd3
{[%clk 1:17:01]} Ke8 {[%clk 1:07:56]} 13. Ng6 {[%clk 1:13:07]} Bc5
{[%clk 1:05:30]} 14. Qe2 {[%clk 1:07:09]} Nbd7 {[%clk 1:02:13]} 15. O-O
{[%clk 1:05:22]} Kf7 {[%clk 0:56:06]} 16. Nc3 {[%clk 0:55:18]} a6
{[%clk 0:55:03]} 17. Bf4 {[%clk 0:53:25]} b5 18. Be5 {[%clk 0:49:39]} Bb7
{[%clk 0:50:31]} 19. Qf3 {[%clk 0:46:53]} Bd6 {[%clk 0:43:49]} 20. Rae1
{[%clk 0:44:33]} Re8 {[%clk 0:43:23]} 21. Re2 {[%clk 0:37:34]} b4
{[%clk 0:37:49]} 22. Nd1 {[%clk 0:36:40]} Qb6 {[%clk 0:31:45]} 23. Rfe1
{[%clk 0:33:42]} Kg8 {[%clk 0:27:34]} 24. Bxd6 {[%clk 0:31:11]} Qxd6
{[%clk 0:24:39]} 25. Qg3 {[%clk 0:30:09]} Qc6 {[%clk 0:23:45]} 26. f3 Qb6+
{[%clk 0:20:45]} 27. Kh1 {[%clk 0:27:32]} c5 {[%clk 0:20:59]} 28. b3
{[%clk 0:25:14]} Nh7 {[%clk 0:19:05]} 29. Nf4 {[%clk 0:24:40]} Ndf8
{[%clk 0:18:42]} 30. Nf2 {[%clk 0:24:11]} Kh8 {[%clk 0:17:12]} 31. Ng4
{[%clk 0:24:03]} g5 {[%clk 0:15:28]} 32. Ng6+ {[%clk 0:24:18]} Nxg6
{[%clk 0:15:49]} 33. Bxg6 {[%clk 0:24:45]} 1-0

[Event "PMPJ 2022 - C17"]
[Site "Jastrzebia Gora"]
[Date "2022.11.06"]
[Round "1.21"]
[White "Kreciglowa, Kamil"]
[Black "Lis, Maksymilian"]
[Result "0-1"]
[BlackElo "1684"]
[WhiteElo "1282"]
[LiveChessVersion "1.4.8"]

1. e4 {[%clk 1:30:57]} c5 {[%clk 1:30:55]} 2. c3 {[%clk 1:31:20]} d5
{[%clk 1:31:21]} 3. exd5 {[%clk 1:31:42]} Nf6 {[%clk 1:31:47]} 4. d4
{[%clk 1:31:55]} Nxd5 {[%clk 1:32:12]} 5. Nf3 {[%clk 1:32:02]} e6
{[%clk 1:32:31]} 6. Be2 {[%clk 1:30:29]} Be7 {[%clk 1:32:22]} 7. O-O
{[%clk 1:29:48]} O-O {[%clk 1:32:47]} 8. c4 {[%clk 1:27:21]} Nf6 {[%clk 1:33:00]}
9. Nc3 {[%clk 1:25:21]} cxd4 {[%clk 1:31:14]} 10. Nxd4 {[%clk 1:23:44]} a6
{[%clk 1:26:07]} 11. Bf4 {[%clk 1:21:40]} Bd7 {[%clk 1:25:58]} 12. Bf3
{[%clk 1:19:39]} Qc8 {[%clk 1:26:02]} 13. Qd3 {[%clk 1:16:11]} Rd8
{[%clk 1:23:15]} 14. Rad1 {[%clk 1:13:52]} Nc6 {[%clk 1:23:06]} 15. Bxc6
{[%clk 1:11:02]} Bxc6 {[%clk 1:23:25]} 16. Nxc6 {[%clk 1:11:20]} Qxc6
{[%clk 1:23:43]} 17. Qe2 {[%clk 1:08:40]} h6 {[%clk 1:22:31]} 18. a3
{[%clk 1:07:39]} Rxd1 {[%clk 1:21:32]} 19. Rxd1 {[%clk 1:07:59]} Rc8
{[%clk 1:21:53]} 20. Rd4 {[%clk 1:03:52]} Bc5 {[%clk 1:06:59]} 21. Rd2
{[%clk 1:00:50]} Ba7 {[%clk 1:02:55]} 22. b3 {[%clk 0:54:02]} b5 {[%clk 1:03:00]}
23. Rc2 {[%clk 0:48:02]} bxc4 {[%clk 0:55:15]} 24. Na2 {[%clk 0:45:31]} Qd5
{[%clk 0:45:01]} 25. bxc4 {[%clk 0:39:31]} Qf5 {[%clk 0:45:23]} 26. Bg3
{[%clk 0:37:58]} Ne4 {[%clk 0:43:52]} 27. Nb4 {[%clk 0:35:44]} a5
{[%clk 0:36:16]} 28. Nd3 {[%clk 0:33:54]} Rd8 {[%clk 0:34:42]} 29. Ne5
{[%clk 0:18:31]} Nc3 {[%clk 0:33:18]} 30. Kf1 {[%clk 0:10:44]} Nxe2
{[%clk 0:33:37]} 31. Rxe2 {[%clk 0:11:08]} Rd1+ {[%clk 0:33:59]} 32. Re1
{[%clk 0:11:33]} Qb1 {[%clk 0:34:25]} 33. f4 {[%clk 0:11:05]} Rxe1+
{[%clk 0:34:29]} 34. Bxe1 {[%clk 0:11:27]} Qc2 {[%clk 0:34:43]} 0-1

[Event "PMPJ 2022 - C17"]
[Site "Jastrzebia Gora"]
[Date "2022.11.06"]
[Round "1.22"]
[White "Wesolek, Krzysztof"]
[Black "Grochowski, Adam"]
[Result "1-0"]
[BlackElo "1204"]
[WhiteElo "1667"]
[LiveChessVersion "1.4.8"]

1. e4 {[%clk 1:30:58]} c5 {[%clk 1:30:56]} 2. Nc3 {[%clk 1:31:24]} Nc6
{[%clk 1:31:15]} 3. f4 {[%clk 1:31:47]} g6 {[%clk 1:31:39]} 4. Nf3
{[%clk 1:32:13]} Bg7 {[%clk 1:32:02]} 5. Bb5 {[%clk 1:32:38]} a6 {[%clk 1:30:51]}
6. Bxc6 {[%clk 1:32:57]} dxc6 {[%clk 1:31:10]} 7. O-O {[%clk 1:29:56]} Nf6
{[%clk 1:26:44]} 8. d3 {[%clk 1:27:21]} O-O {[%clk 1:20:46]} 9. Be3
{[%clk 1:26:30]} b6 {[%clk 1:19:58]} 10. h3 {[%clk 1:22:42]} h5 {[%clk 1:17:13]}
11. Qe1 {[%clk 1:21:51]} e6 {[%clk 1:05:05]} 12. Nh4 {[%clk 1:16:54]} Nh7
{[%clk 0:54:47]} 13. e5 {[%clk 1:13:21]} Qe7 {[%clk 0:49:07]} 14. Ne4
{[%clk 1:12:13]} Bb7 {[%clk 0:46:47]} 15. g4 {[%clk 1:02:41]} hxg4
{[%clk 0:41:49]} 16. hxg4 {[%clk 1:03:03]} g5 {[%clk 0:36:37]} 17. Nf3
{[%clk 1:00:40]} gxf4 {[%clk 0:34:18]} 18. Bxf4 {[%clk 1:01:07]} f6
{[%clk 0:31:26]} 19. exf6 {[%clk 0:58:52]} Bxf6 {[%clk 0:27:40]} 20. Bd6
{[%clk 0:54:02]} Qg7 {[%clk 0:26:03]} 21. Bxf8 {[%clk 0:52:47]} Rxf8
{[%clk 0:24:01]} 22. Qg3 {[%clk 0:48:27]} c4 {[%clk 0:18:15]} 23. g5
{[%clk 0:39:06]} Bd8 {[%clk 0:12:13]} 24. g6 {[%clk 0:30:03]} Nf6
{[%clk 0:11:51]} 25. Nxf6+ {[%clk 0:28:18]} Rxf6 {[%clk 0:11:48]} 26. Ne5
{[%clk 0:28:15]} Bc7 {[%clk 0:10:24]} 27. Rxf6 {[%clk 0:28:07]} Qxf6
{[%clk 0:10:46]} 28. d4 {[%clk 0:28:14]} c5 {[%clk 0:08:29]} 29. Rf1
{[%clk 0:25:37]} Qd8 {[%clk 0:08:55]} 30. Qf4 {[%clk 0:24:32]} Qxd4+
{[%clk 0:07:38]} 31. Qxd4 {[%clk 0:24:52]} cxd4 {[%clk 0:08:03]} 32. Nxc4
{[%clk 0:22:47]} Bd5 {[%clk 0:08:02]} 33. b3 {[%clk 0:22:20]} Be4
{[%clk 0:05:53]} 34. Rf6 {[%clk 0:07:56]} Bf5 {[%clk 0:04:47]} 35. Rf7
{[%clk 0:08:16]} Bf4 {[%clk 0:02:16]} 36. Kf1 {[%clk 0:02:01]} b5
{[%clk 0:01:10]} 37. Nb2 {[%clk 0:02:20]} Bc1 {[%clk 0:01:14]} 38. Nd3
{[%clk 0:02:35]} Bd2 {[%clk 0:01:13]} 39. Ke2 {[%clk 0:01:39]} Bc3
{[%clk 0:01:12]} 40. Ra7 {[%clk 0:00:42]} Bxg6 {[%clk 0:00:51]} 41. Rxa6
{[%clk 0:01:07]} Bh5+ {[%clk 0:01:15]} 42. Kf2 {[%clk 0:00:48]} Bd1
{[%clk 0:01:32]} 43. Ne1 {[%clk 0:00:39]} e5 {[%clk 0:01:37]} 44. Re6
{[%clk 0:00:51]} Kf7 {[%clk 0:01:22]} 45. Rxe5 {[%clk 0:00:33]} b4
{[%clk 0:01:30]} 46. Rd5 {[%clk 0:00:37]} Ke6 {[%clk 0:01:39]} 47. Rd8
{[%clk 0:00:59]} Kf5 {[%clk 0:01:35]} 48. Rc8 {[%clk 0:00:33]} Ke6
{[%clk 0:01:40]} 49. Rc4 {[%clk 0:00:42]} Kd6 {[%clk 0:01:30]} 50. Nf3
{[%clk 0:00:34]} Kd5 {[%clk 0:01:09]} 51. Ne1 {[%clk 0:01:02]} Kd6
{[%clk 0:01:23]} 52. Nd3 {[%clk 0:00:39]} Kd5 {[%clk 0:00:00]} 1-0

[Event "PMPJ 2022 - C17"]
[Site "Jastrzebia Gora"]
[Date "2022.11.06"]
[Round "1.23"]
[White "Mazurek, Mateusz"]
[Black "Zeissel, Andrzej"]
[Result "0-1"]
[BlackElo "1654"]
[WhiteElo "1189"]
[LiveChessVersion "1.4.8"]

1. d4 f5 2. g4 d5 3. Nc3 fxg4 4. h3 g3 5. fxg3 Nf6 6. Bg5 e6 7. e4 dxe4 8. Nxe4
Be7 9. Bd3 Nxe4 10. Bxe7 Qxe7 11. Bxe4 O-O 12. c3 Nd7 13. Qc2 Nf6 14. Bg2 Nh5 15.
Be4 Nxg3 16. Bxh7+ Kh8 17. O-O-O Nxh1 18. Ne2 Nf2 19. Rg1 Bd7 20. Be4 Nxe4 21.
Qxe4 Bc6 22. Qe5 Rf5 23. Nf4 Rxe5 24. Ng6+ Kh7 25. Nxe7 Rh5 0-1